Online
Catalog

Seamos buenos dominicanos : (Record no. 46869)

MARC details
000 -CABECERA
campo de control de longitud fija 00503nam a2200157 a 4500
001 - NÚMERO DE CONTROL
campo de control 000047381
005 - FECHA Y HORA DE LA ÚLTIMA TRANSACCIÓN
campo de control 20201002060517.0
008 - DATOS DE LONGITUD FIJA--INFORMACIÓN GENERAL
campo de control de longitud fija 180510s199- dr ac r 000 0 spa d
040 ## - FUENTE DE LA CATALOGACIÓN
Centro catalogador/agencia de origen DO-SdBNP
Lengua de catalogación spa
Centro/agencia transcriptor BNPHU
082 ## - NÚMERO DE LA CLASIFICACIÓN DECIMAL DEWEY
Número de clasificación xxxx
Número de documento/Ítem R173s
100 1# - ENTRADA PRINCIPAL--NOMBRE DE PERSONA
Nombre de persona Ramírez Báez, Ramón O.
9 (RLIN) 42867
245 10 - MENCIÓN DE TÍTULO
Título Seamos buenos dominicanos :
Resto del título estudios sociales 4 /
Mención de responsabilidad, etc. Ramón O. Ramírez Báez.
260 ## - PUBLICACIÓN, DISTRIBUCIÓN, ETC.
Lugar de publicación, distribución, etc. Santo Domingo :
Nombre del editor, distribuidor, etc. Susaeta,
Fecha de publicación, distribución, etc. [s.f.].
300 ## - DESCRIPCIÓN FÍSICA
Extensión 144 p. :
Otras características físicas il., map., ;
Dimensiones 26 cm.
590 ## - NOTA LOCAL (RLIN)
Nota local Inventariado, 2018/BT
Holdings
Estado de retiro Estado de pérdida No para préstamo Código de colección Localización permanente Ubicación/localización actual Ubicación en estantería Fecha de adquisición Número de inventario Total de préstamos Signatura topográfica completa Código de barras Fecha visto por última vez Precio válido a partir de Tipo de ítem Koha
    Excluido de préstamo Patrimonio Dominicano Patrimonio Dominicano Patrimonio Dominicano Depósito 10.05.2018 LF1   xxxx R173s 47381-10 25.06.2020 25.06.2020 Libro y Folleto Colección Patrimonio Dominicano

Powered by Koha